000 00831cam a2200241 4500
001 ABS63596
008 000000n2001 000 0 eng u
035 _a(Sirsi) u111059
100 _aLangstaff, D.
245 _aDefeating claims of adverse possession
260 _c2001
490 _aCSM
_bChartered Surveyor Monthly
_vFebruary 2001, 30(1)
520 _aExamines the law relating to adverse possession. Focuses on what landowners can do to prevent claims based upon it, and outlines the recent case "Markfield Investments Ltd v Evans". See WB3646-17.
590 _aABS
650 _aMARKFIELD INVESTMENTS LTD V EVANS
650 _aADVERSE POSSESSION
650 _aLIMITATION ACT 1990
650 _aBP PROPERTIES LTD V BUCKLER
650 _aLANDOWNERS
650 _aOCCUPIERS
690 _aPROPERTY
942 _n0
999 _c66169
_d66169